[Event "Ufa Siamidi Memorial op"]
[Site "Ufa"]
[Date "2009.10.11"]
[Round "9"]
[White "Zijatdinov, Ramil"]
[Black "Zhdanov, Mihail"]
[Result "0-1"]
[WhiteElo "1776"]
[BlackElo "2162"]
[PlyCount "69"]
[EventDate "2009.10.03"]
[EventType "swiss"]
[EventRounds "9"]
[EventCountry "RUS"]
[SourceTitle "EXT 2011"]
[Source "ChessBase"]
[SourceDate "2010.11.26"]
[SourceVersion "1"]
[SourceVersionDate "2010.11.26"]
[SourceQuality "1"]

1. d4 d5 2. c4 e6 3. cxd5 exd5 4. Nc3 Be7 5. Bf4 c6 6. e3 Bf5 7. Bd3 Bxd3 8. Qxd3 Nf6 9. Nf3 0-0 10. 0-0 Nh5 11. Bg3 Nxg3 12. hxg3 Nd7 13. Rfe1 Re8 14. Rad1 Nb6 15. b3 Bb4 16. Rc1 a5 17. a4 Re6 18. Ne5 Qe7 19. e4 f6 20. exd5 Nxd5 21. Nf3 Bxc3 22. Rxe6 Qxe6 23. Qc4 Bb4 24. Rc2 Re8 25. Qd3 g6 26. Qc4 Kg7 27. Kh2 Qe4 28. Ng1 Nb6 29. Qe2 Qxe2 30. Rxe2 Rxe2 31. Nxe2 Bd2 32. Kg1 Kf7 33. f3 Ke6 34. Kf2 Kd5 35. f4 0-1

[Event "Ufa Siamidi Memorial op"]
[Site "Ufa"]
[Date "2009.10.08"]
[Round "6"]
[White "Zhdanov, Mihail"]
[Black "Glidzhain, Gor Mikhailovich"]
[Result "0-1"]
[WhiteElo "2162"]
[BlackElo "2185"]
[PlyCount "60"]
[EventDate "2009.10.03"]
[EventType "swiss"]
[EventRounds "9"]
[EventCountry "RUS"]
[SourceTitle "EXT 2011"]
[Source "ChessBase"]
[SourceDate "2010.11.26"]
[SourceVersion "1"]
[SourceVersionDate "2010.11.26"]
[SourceQuality "1"]

1. e4 c5 2. Nc3 Nc6 3. g3 Nd4 4. Bg2 d6 5. d3 g6 6. h3 Bg7 7. Nge2 e6 8. 0-0 Ne7 9. Nxd4 cxd4 10. Ne2 0-0 11. f4 Qb6 12. Qe1 Bd7 13. g4 Rac8 14. f5 exf5 15. Qh4 Rce8 16. gxf5 gxf5 17. Ng3 Ng6 18. Qg5 f6 19. Qh5 fxe4 20. Bxe4 Re5 21. Qd1 Bxh3 22. Rf2 f5 23. Bf3 f4 24. Rh2 Rg5 25. Rxh3 Rxg3+ 26. Rxg3 fxg3 27. Bd5+ Kh8 28. Qg4 Qa5 29. Qe6 Qd8 30. Bd2 Qh4 0-1

[Event "RUS-ch U26"]
[Site "Ufa"]
[Date "2004.05.11"]
[Round "7"]
[White "Eltsov, Roman"]
[Black "Zhdanov, Mihail"]
[Result "1-0"]
[WhiteElo "2313"]
[BlackElo "2071"]
[PlyCount "55"]
[EventDate "2004.05.??"]
[EventType "swiss"]
[EventRounds "9"]
[EventCountry "RUS"]
[SourceTitle "EXT 2005"]
[Source "ChessBase"]
[SourceDate "2004.11.15"]
[SourceVersion "1"]
[SourceVersionDate "2004.11.15"]
[SourceQuality "1"]

1. d4 d5 2. c4 e6 3. Nf3 f5 4. g3 Nf6 5. b3 c6 6. Bg2 Bd6 7. 0-0 Qe7 8. Bf4 Bxf4 9. gxf4 0-0 10. Nc3 Bd7 11. Ne5 Be8 12. Qd3 Nbd7 13. f3 Nh5 14. e3 Kh8 15. Ne2 Qh4 16. Qd2 g5 17. Nd3 g4 18. Qe1 Qxe1 19. Raxe1 Nhf6 20. fxg4 Nxg4 21. Nc3 Ngf6 22. Rc1 Ne4 23. Rc2 Bh5 24. cxd5 Nxc3 25. dxc6 Ne2+ 26. Kf2 Nf6 27. cxb7 Rab8 28. Rxe2 1-0

[Event "RUS-ch U26"]
[Site "Ufa"]
[Date "2004.05.05"]
[Round "1"]
[White "Kokarev, Dmitry"]
[Black "Zhdanov, Mihail"]
[Result "1-0"]
[WhiteElo "2491"]
[BlackElo "2071"]
[PlyCount "79"]
[EventDate "2004.05.??"]
[EventType "swiss"]
[EventRounds "9"]
[EventCountry "RUS"]
[SourceTitle "EXT 2005"]
[Source "ChessBase"]
[SourceDate "2004.11.15"]
[SourceVersion "1"]
[SourceVersionDate "2004.11.15"]
[SourceQuality "1"]

1. e4 e5 2. Nf3 Nc6 3. Bb5 a6 4. Bxc6 dxc6 5. Nc3 f6 6. d4 Bg4 7. Be3 exd4 8. Qxd4 Bxf3 9. gxf3 Qxd4 10. Bxd4 Bd6 11. Ne2 Kf7 12. 0-0-0 Ne7 13. f4 Ng6 14. f5 Nf4 15. Ng3 Rad8 16. h4 g6 17. Be3 Ng2 18. Bh6 Rhe8 19. Rh2 Nf4 20. Rxd6 cxd6 21. Bxf4 d5 22. exd5 cxd5 23. Rh1 Rc8 24. Be3 Rc4 25. b3 Rg4 26. c3 b5 27. b4 h5 28. Kd2 a5 29. a3 axb4 30. axb4 Ra8 31. Kd3 Ra3 32. fxg6+ Kxg6 33. Ne2 Ra8 34. f3 Rc4 35. Rg1+ Kf7 36. Bd4 Rcc8 37. Nf4 Rg8 38. Rxg8 Rxg8 39. Nxh5 f5 40. Nf4 1-0